|
|
|
|
| LEADER |
00000nas a2200000 a 4500 |
| 001 |
ssj0000547643 |
| 003 |
WaSeSS |
| 005 |
20200512172242.0 |
| 006 |
m d |
| 007 |
cr n |
| 008 |
070801u200uuuuupk ar s 0 0eng |
| 010 |
|
|
|a 2007432010
|
| 022 |
|
|
|l 1684-8403
|y 1684-8403
|
| 035 |
|
|
|a (WaSeSS)ssj0000547643
|
| 040 |
|
|
|a DLC
|b eng
|c DLC
|d DLC
|d OCLCQ
|d DLC
|d OCLCQ
|d OCLCA
|d OCLCQ
|d OCLCA
|d OCLCF
|d OCLCA
|d WaSeSS
|
| 042 |
|
|
|a pcc
|
| 043 |
|
|
|a a-pk---
|
| 050 |
0 |
0 |
|a HA4590.5
|b .A25
|
| 245 |
0 |
0 |
|a Journal of statistics
|h [electronic resource].
|
| 260 |
|
|
|a Lahore :
|b Dept. of Statistics, GC University
|
| 310 |
|
|
|a Annual
|
| 506 |
|
|
|a License restrictions may limit access.
|
| 588 |
|
|
|a Description based on: Vol. 12, no. 1 (2005); title from cover.
|
| 650 |
|
7 |
|a Statistics.
|2 fast
|0 (OCoLC)fst01132103
|
| 651 |
|
0 |
|a Pakistan
|x Statistics
|v Periodicals.
|
| 651 |
|
7 |
|a Pakistan.
|2 fast
|0 (OCoLC)fst01210275
|
| 655 |
|
0 |
|a Electronic journals.
|
| 710 |
2 |
|
|a Jī. Sī. Yūnīvarsiṭī (Lahore, Pakistan).
|b Department of Statistics.
|
| 850 |
|
|
|a DLC
|
| 856 |
4 |
0 |
|z Full text available from Research Library: 01/01/2009 to 12/31/2017
|u https://search.proquest.com/publication/616526
|